Top 10 Deepest Lakes In The World - Statistics

General Stats
  • This quiz has been taken 746 times
  • The average score is 4 of 10
Answer Stats
Maximum depth Lake % Correct
1642 m Baikal
94%
1025 m Caspian Sea
70%
706 m Malawi
53%
1470 m Tanganyika
52%
614 m Great Slave
44%
594 m Crater
21%
~1000 m Vostok
8%
668 m Issyk Kul
6%
590 m Matano
3%
836 m O'Higgins-San Martin
1%
No matching quizzes found
Score Distribution
Percent of People with Each Score
Percentile by Number Answered
Your Score History
You have not taken this quiz